Responses for Show #9058 - Wednesday, March 13, 2024

2024 Tournament of Champions final game 2.

Contestants

[<< previous game]

Ben Chan, a philosophy professor from Green Bay, Wisconsin

Troy Meyer, a music executive from Tampa, Florida

Yogesh Raut, a social and personality psychologist from Vancouver, Washington

[next game >>]

Jeopardy! Round responses

WORLD CAPITAL ATTRACTIONS
VIRTUO-SO GOOD
"BIT"TING AT THE CHAMPS
THE CLOCK & THE CALENDAR
REAL NAMES OF UNREAL PEOPLE
SMASH THAT SUBSCRIBE BUTTON
    $200 18
Warsaw

Ben! 文瀚
    $200 26
the guitar

Troy
    $200 28
cohabiting

Ben! 文瀚
    $200 27
tick-tock

Yogesh
    $200 29
Jughead

Troy
    $200 30
Dallas

Yogesh
    $400 5
Phnom Penh

Ben! 文瀚
    $400 25
jazz

Ben! 文瀚
    $400 21
an inhibitor

Ben! 文瀚
    $400 24
(Troy: What's a full moon?)
(Ben!: What is a new moon?)

the crescent moon

TroyBen! 文瀚
Triple Stumper
    $400 23
(Yogesh: [Saluting] Aye-aye.)

Captain Crunch

Yogesh
    $400 22
Gentlemen's Quarterly

Troy
    $600 3
Seoul

Troy
    $600 16
the organ

Yogesh
    $600 20
bitters

Ben! 文瀚
    $600 17
military time

Troy
    $600 19
[ERRATUM: According to Simpsons writer Bill Oakley, the middle name is "Onderdonk", after Episcopal bishop Henry Onderdonk, "from a hymnal we saw in high school". The show's closed captioning uses the "Underdunk" spelling.]

Sideshow Bob

Troy
    $600 15
The Saturday Evening Post

Troy
    $800 2
Belgrade

Troy
    $800 11
the lute

Troy
    $800 10
a bitmap

Yogesh
    $800 9
snow

Yogesh
    $800 7
The Penguin

Ben! 文瀚
    $800 8
Vogue

Yogesh
    $1,400 4
Bogotá

Troy
    $1000 12
Paganini

Troy
    $1000 13
(Ken: Yes, we have very high costs.)
[Laughter]
(Ben!: You're the problem with higher ed.)

exorbitant

Ben! 文瀚
    $1000 14
(Troy: What is 44 B.C.?)
(Ken: The last FULL year.)

45 B.C.

TroyBen! 文瀚
    $1000 1
the Wizard of Oz

Ben! 文瀚
    $1000 6
the Chicago Sun-Times

Yogesh

Scores at the first commercial break (after clue 15):

Yogesh Troy Ben! 文瀚
$3,400 $4,200 $4,200

Scores at the end of the Jeopardy! Round:

Yogesh Troy Ben! 文瀚
$4,800 $5,800 $5,600

Double Jeopardy! Round responses

"H" IS FOR HISTORY
OFFICIAL STATE STUFF
17th CENTURY WRITING
SKY & SEA
SINGERS
DIACRITICAL THINKING
    $400 26
the Hundred Days

Yogesh
    $400 27
(Yogesh: What's a whale?)
(Ken: More specifically?)

a sperm whale

Yogesh
    $400 28
(Yogesh: Who is, uh, Satan?)
(Troy: Who is Beelzebub?)

Adam

YogeshTroy
Triple Stumper
    $400 29
an atoll

Yogesh
    $400 30
(Ken: The late, great [*] is correct.)

Sinéad O'Connor

Ben! 文瀚
    $400 24
Czech

Yogesh
    $800 9
Hoovervilles

Yogesh
    $21,800 19
petrified wood

Troy
    $800 21
golden eggs

Troy
    $800 22
Air Quality Index

Ben! 文瀚
    $800 25
Rosalía

Troy
    $800 23
a glottal stop

Yogesh
    $1200 3
the Hijrah

Yogesh
    $1200 13
chinook

Troy
    $9,200 10
(Yogesh: Okay, I think I'm doing this correctly, "Bring it"?)
[Laughter]
(Ken: [Wagging his finger] I don't think that's what "bring it" means.)
(Yogesh: Oh, okay, then, True Daily Double,)
...
(Yogesh: Oh, I don't know, I'll just guess a random name--um, who is, uh, [*]?)
(Ken: [Smiling] It is [*], as you very well know.)

John Smith

Yogesh
    $1200 7
(Yogesh: What, uh... oh, um... I don't know.)

the undertow

Yogesh
Triple Stumper
    $1200 18
Mandy Moore

Troy
    $1200 11
a cedilla

Troy
    $1600 2
Hartford

Ben! 文瀚
    $1600 12
jade

Troy
    $1600 6
Bunyan

Yogesh
    $1600 8
the troposphere

Troy
    $1600 1
Dua Lipa

Troy
    $1600 15
aigu

Troy
    $2000 4
Hoplites

Yogesh
    $2000 14
the columbine

Troy
    $2000 20
a cage

Troy
    $2000 16
haboob

Troy
    $2000 5
Japanese Breakfast

Troy
    $2000 17
diaeresis

Ben! 文瀚

Scores at the end of the Double Jeopardy! Round:

Yogesh Troy Ben! 文瀚
$20,400 $46,800 $10,400
(lock game)

[wagering suggestions for these scores]

Final Jeopardy! Round responses

BOOKS OF THE BIBLE
(Ken: [To Ben] Yes, named for the Levites, the priestly class of Israel.)
...
(Ken: Troy Meyer has $46,800; that is our highest total going into Final Jeopardy! of the season, edging Juveria Zaheer's $45,600 in Second Chance.)
Ben! 文瀚What is Leviticus?
$0
YogeshWhat Leviticus
$20,400
TroyWhat is Leviticus?
$0
Leviticus

Final scores:

Yogesh Troy Ben! 文瀚
$40,800 $46,800 $10,400
2nd place Winner: 1 match point 3rd place: 1 match point

Game dynamics:

Coryat scores:

Yogesh Troy Ben! 文瀚
$12,400 $25,400 $10,400
18 R
(including 1 DD),
2 W
25 R
(including 2 DDs),
3 W
14 R,
1 W

Combined Coryat: $48,200

[game clues] [game scores] [suggest correction]

Game tape date: 2024-02-08
The J! Archive is created by fans, for fans. Scraping, republication, monetization, and malicious use prohibited; this site may use cookies and collect identifying information. See terms. The Jeopardy! game show and all elements thereof, including but not limited to copyright and trademark thereto, are the property of Jeopardy Productions, Inc. and are protected under law. This website is not affiliated with, sponsored by, or operated by Jeopardy Productions, Inc. Join the discussion at JBoard.tv.